Statistiques concernant Les dimensions

Cliquez ici pour prendre le quiz!

Statistiques générales

  • Ce quiz a été pris 12 fois
  • Le résultat moyen est 3 sur 5

Statistiques - réponses

DimensionRéponse% Correct
3DL'espace
75%
0DUn point
75%
1DUne droite
67%
4DL'espace-temps
42%
2DUne forme
8%

Distribution des résultats

Percentile par nombre de réponses

% des personnes avec chaque résultat

Votre développement - résultats

Vous n’avez pas pris ce quiz